000 01119nam a2200325 c 4500
003 BLK
005 20190913121300.0
008 180911b bul|||||r ||||||| ||bul||
010 _a003847
040 _aBLK
041 _aRUS
080 _z894.35-34
100 1 _a
_eпърви автор
245 1 0 _aТУРЕЦКИЕ народные сказки
246 _bТУРЕЦКИЕ народные сказки
_pепос-народни приказки
250 _a2. изд
260 _aМосква
_bВост. литература
_c1967
300 _a480 с
_c21 см
380 _a82
490 _aСказки и мифы народов Востока
490 _aЧастна колекция - Академик Михаил Арнаудов
_gДарение - Основен фонд
653 _9
_aепос
653 _9
_aнародни приказки
655 _aтурска литература
700 1 _aРед.
_e
700 1 _a вступ. статья
_e
700 1 _aН. К. Дмитриева
_e коммент.
852 _aМА 1925
942 _cKNG
_n0
944 _aCR
_c1996
_kGGG
999 _c344182
_d344182